| 000 | 00398nam a2200157Ia 4500 | ||
|---|---|---|---|
| 999 |
_c29529 _d29529 |
||
| 003 | OSt | ||
| 005 | 20250807130452.0 | ||
| 008 | 250310s9999||||xx |||||||||||||| ||und|| | ||
| 040 | _c. | ||
| 082 |
_a821 _bM6621 |
||
| 100 |
_96290 _aMilton, John |
||
| 245 | 0 |
_aThe Poetical Works of John Milton / _cJohn Milton |
|
| 260 |
_aLondon : _bMacmillan & co ltd, _c1954. |
||
| 300 | _a625 p. | ||
| 942 |
_cBK _2ddc |
||